| 000 | 00503nam a2200205Ia 4500 | ||
|---|---|---|---|
| 005 | 20251114161732.0 | ||
| 008 | 230125s9999 xx 000 0 und d | ||
| 020 | _a978-81-223-0777-1 | ||
| 041 | _aeng | ||
| 082 |
_a158.1 _bGAN |
||
| 100 |
_aGanguly A _9214941 |
||
| 245 | _aGroup Discussion | ||
| 260 |
_bPustak Mahal _aDelhi |
||
| 300 | _a195p | ||
| 500 | _aPersonality Development, | ||
| 650 |
_aPersonality Development _9213420 |
||
| 700 |
_aGanguly A _9214941 |
||
| 906 | _b19 | ||
| 942 | _cBK | ||
| 999 |
_c86577 _d86577 |
||